00604nam a22001457a 4500999001700000082001300017100002700030245012700057260002700184300000900211650008200220856003300302942001100335952011200346 c67261d67258 aR/IMS-19 aJalil Ahmed a17MIEM02 aAnalysis of Existing Waste Management System and Anticipated Energy Potential from Municipal Solid Waste of Nawabshah City aNawabshahbQUESTc2020 a52p. aIndustrial Engineering and management aDepartment of Mechanical Engineering  uhttps://tinyurl.com/4y6wr3dr cTHESIS 00104070aRESEARCHbRESEARCHd2021-08-26l0oR/IMS-19pMP/64-815r2021-08-26 00:00:00w2021-08-26yTHESIS